Dopasuj numery taborowe do Gdańskich Autobusów i Tramwajów - Statystyki

Ogólne statystyki
  • Ten quiz został rozwiązany 44 razy
    32 od ostatniego zresetowania
  • Średni wynik to 6 z 28
Statystyki odpowiedzi
Hint Odpowiedź % Poprawnych
1006-1007 Bombardier NGT6-2
45%
1001-1004 Alstom NGd99
41%
1108-1176 Duwag N8C
36%
2548-2555 MAN NG544 Lion's City E
36%
1051-1055 Pesa Jazz Duo 128NG (2014 r.)
32%
1056-1085 Pesa Jazz Duo 128NG (2019-2021 r.)
32%
1011-1045 Pesa Swing 120NaG
32%
2910-2912 Karsan E-Jest
27%
2501-2502 MAN NG313
27%
3011-3039 Mercedes Citaro C2 (2020 r.)
27%
2662-2687 Mercedes Citaro C2G (2019 r.)
27%
2904-2908 Iveco Kapena Urby
23%
3053-3058 Mercedes Citaro C2K (2020 r.)
23%
2807-2816 MAN NL326 Lion's City E
18%
3040-3052 Mercedes Citaro C2G (2020 r.)
18%
2747-2760 Mercedes Citaro O530
18%
2092-2098, 2800-2806 Solaris Urbino 12 III (po faceliftingu)
18%
2067-2091 Solaris Urbino 12 III (przed faceliftingiem)
18%
2518-2547 Solaris Urbino 18 III (po faceliftingu)
18%
2510-2517 Solaris Urbino 18 III (przed faceliftingiem)
18%
2761-2778 Mercedes Citaro C2 (2019 r.)
14%
2653-2661 Mercedes Citaro C2G (2016 r.)
14%
2487-2491 Mercedes Citaro C2K (2016 r.)
14%
2641-2652 Mercedes Conecto G
14%
3101-3104 NesoBus 12
14%
2492-2493 Mercedes Citaro C2K (2019 r.)
9%
2728-2737 Mercedes Conecto LF
9%
2738-2746 Mercedes Citaro C2 (2016 r.)
5%
Nie znaleziono quizów pasujących do podanych kryteriów
Rozkład punktacji
Procent ludzi z każdym wynikiem
Percentyl według liczby udzielonych odpowiedzi
Twoja historia wyników
Nie rozwiązałeś tego quizu od ostatniego zresetowania